=LDR 00000nam 2200000 4500 =001 INLIS000000000044932 =005 20200326124503 =035 ##$$a 0010-101300000002854 =008 200326################g##########0#ind## =041 ##$$a Ind =082 ##$$a 297.61 =090 ##$$a 297, Bua b =245 ##$$a Buah pena sang ulama, /$c Muhammad As'ad...{ et al } =260 ##$$a Jakarta :$b Orbit publishing,$c 2011 =300 ##$$a ix, 251 hlm., : $b Ilus. ; $c 14 x 21 cm =650 #4$$a Ulama =700 #$$a Muhammad As'ad =850 ##$$a NBPNMAT =020 ##$$a 978-602-99404-9-7 =084 ##$$a 297.61 BUA =250 ##$$a cet.1 =990 ##$$a 31200271 =990 ##$$a 31200272